Cơ sở văn hoá Việt Nam

Trình bày các khái niệm cơ bản, cấu trúc, các thiết chế và chức năng của văn hoá. Diễn trình lịch sử của văn hoá và không gian văn hoá Việt Nam

Gespeichert in:
Bibliographische Detailangaben
1. Verfasser: Trần Quốc Vượng
Weitere Verfasser: Tô Ngọc Thanh (Tác giả), Trần Thuý Anh (Tác giả), Lâm Mỹ Dung (Tác giả), Nguyễn Chí Bền (Tác giả)
Format: Buch
Sprache:Vietnamese
Veröffentlicht: H. Giáo dục 2005
Ausgabe:Tái bản lần thứ 7
Schlagworte:
Tags: Tag hinzufügen
Keine Tags, Fügen Sie den ersten Tag hinzu!
Thư viện lưu trữ: Mạng thư viện Đại học Đà Nẵng
LEADER 01546nam a22004218a 4500
001 000006803
003 2963
005 20110922130945.0
008 110921s2005 b 000 0 od
020 |c 17400đ  |d 5000b 
041 0 |a 0107 
041 0 |a vie 
080 |a 37(V)(075.3) 
082 |a 306.09597  |b TR-V 
084 |a U11(1)z73  |b C460S 
100 1 |a Trần Quốc Vượng 
245 1 0 |a Cơ sở văn hoá Việt Nam  |c B.s: Trần Quốc Vượng (ch.b), Tô Ngọc Thanh, Nguyễn Chí Bền.. 
250 |a Tái bản lần thứ 7 
260 |a H.  |b Giáo dục  |c 2005 
300 |a 288tr : 20tr ảnh  |c 21cm 
520 |a Trình bày các khái niệm cơ bản, cấu trúc, các thiết chế và chức năng của văn hoá. Diễn trình lịch sử của văn hoá và không gian văn hoá Việt Nam 
653 |a Văn hoá 
653 |a Giáo trình 
653 |a Việt Nam 
700 1 |a Tô Ngọc Thanh  |e Tác giả 
700 1 |a Trần Thuý Anh  |e Tác giả 
700 1 |a Lâm Mỹ Dung  |e Tác giả 
700 1 |a Nguyễn Chí Bền  |e Tác giả 
OWN |a LSP 
AVA |a UDN50  |b LSP  |d 306.09597 TR-V  |e available  |t Error 5001 Not defined in file expand_doc_bib_avail.  |f 3  |g 0  |h N  |i 0  |k 1 
999 |a From the UDN01 
AVA |a UDN50  |b LSP  |d 306.09597 TR-V  |e available  |t Error 5001 Not defined in file expand_doc_bib_avail.  |f 3  |g 0  |h N  |i 0  |k 1 
TYP |a Monograph 
TYP |a Printed language 
980 |a Mạng thư viện Đại học Đà Nẵng